000 00945nam a22002057a 4500
999 _c6016
_d6016
003 AR-CdUCM
008 190313b ||||| |||| 00| 0 eng d
040 _aMUNICIPALIDAD PROVINCIAL DEL CUSCO
_cBIBLIOTECA MUNICIPAL DEL CUSCO
082 _a808.83 /
_bG22
100 _aGarcía Lorca, Federico
_96798
245 _aobras completas :
_bFederico García Lorca /
260 _aBuenos Aires :
_bLosada,
_c1938.
300 _a7 tomos ;
_c20 cm.
505 _aContenido : t.4: Romancero gitano -- Poema del cantante Jondo -- Llanto por Ignacio Sánchez Mejías -- Diván del Tamarit -- Poemas póstumos. -- t.5: Doña Rosita la soltera o el lenguaje de las flores -- Mariana Pineda. -- t.7 : Poeta en Nueva York -- Odas -- Canciones musicales -- Conferencias -- Impresiones y paisajes.
650 _aLiteratura española
_9362
650 _aSiglo XX
_98
700 _aTorre, Guillermo de (recopilador)
_917588
942 _2ddc
_cLIBROS
945 _azta